Statistics for All Avatar: the Last Airbender Characters

Click here to take the quiz!

General Stats

  • This quiz has been taken 38 times
    (7 since last reset)
  • The average score is 47 of 143

Answer Stats

Answer% Correct
aang
100%
azula
100%
iroh
100%
katara
100%
kyoshi
100%
roku
100%
sokka
100%
suki
100%
toph beifong
100%
zuko
100%
appa
83%
azulon
83%
bumi
83%
hakoda
83%
jet
83%
kya
83%
lo
83%
longshot
83%
mai
83%
master yu
83%
momo
83%
ozai
83%
pipsqueak
83%
sozin
83%
the duke
83%
ty lee
83%
bato
67%
gran gran
67%
jeong jeong
67%
koh
67%
la
67%
smellerbee
67%
tui
67%
ursa
67%
yue
67%
zhao
67%
bosco
50%
cabbage merchant
50%
captain li
50%
hama
50%
haru
50%
hei bai
50%
kuruk
50%
kuzon
50%
li
50%
lu ten
50%
oma
50%
pakku
50%
piandao
50%
shu
50%
teo
50%
the earth king
50%
yangchen
50%
aunt wu
33%
chief arnook
33%
chit sang
33%
combustion man
33%
hahn
33%
joo dee
33%
jun
33%
lieutenant jee
33%
long feng
33%
meng
33%
monk gyatso
33%
nyla
33%
the boulder
33%
the mechanist
33%
the painted lady
33%
wan shi tong
33%
admiral chan
17%
chan
17%
due
17%
fang
17%
fire nation man
17%
flopsy
17%
guru pathik
17%
hawky
17%
jin
17%
koko
17%
lee
17%
on ji
17%
professor zei
17%
ran
17%
ruon-jian
17%
shao
17%
sud
17%
tomtom
17%
tyro
17%
xin fu
17%
ying
17%
canyon guide
0%
chey
0%
chin the great
0%
chong
0%
colonel/general shinu
0%
colonel mongke
0%
dock/shoe/bushi
0%
fluffikins
0%
fufu cuddly poops
0%
gansu
0%
general fong
0%
general how
0%
general sung
0%
general xu
0%
ghashiun
0%
ghin wai
0%
gow
0%
ham ghao
0%
hide
0%
hippo
0%
hope
0%
huu
0%
iylah
0%
jinju
0%
kachi
0%
lily
0%
lin ye
0%
mayor tong
0%
ming
0%
miss snowflake
0%
miyuki
0%
moku
0%
mr. yao
0%
nini
0%
old man ding
0%
oyaji
0%
pao
0%
pong
0%
puan tin
0%
quin lee
0%
sangok
0%
sela
0%
sen su
0%
shyu
0%
sneers
0%
star
0%
ta min
0%
tho
0%
wai ghin
0%
war minister qin
0%
yagoda
0%
yon rha
0%

Score Distribution

Percentile by Number Answered

Percent of People with Each Score

Your Score History

You have not taken this quiz since the last reset